书目信息 |
| 题名: |
国际会计
|
|
| 作者: | 王松年 主编 | |
| 分册: | ||
| 出版信息: | 上海 复旦大学出版社 2007 |
|
| 页数: | 279页 | |
| 开本: | 26cm | |
| 丛书名: | 复旦博学 | |
| 单 册: | ||
| 中图分类: | F234.5 | |
| 科图分类: | ||
| 主题词: | 国际会计--高等学校--教材 , 国际会计 | |
| 电子资源: | ||
| ISBN: | 9787309053678 | |
| 000 | 00916oam2 2200265 450 | |
| 001 | 012007192750 | |
| 005 | 20070531172152.75 | |
| 010 | @a9787309053678@dCNY30.00 | |
| 100 | @a20070426d2007 km y0chiy0120 ea | |
| 101 | 0 | @achi |
| 102 | @aCN@b310000 | |
| 105 | @aa z 000yy | |
| 106 | @ar | |
| 200 | 1 | @a国际会计@Aguo ji kuai ji@f王松年主编@Fwang song nian zhu bian |
| 210 | @a上海@c复旦大学出版社@d2007 | |
| 215 | @a279页@c图@d26cm | |
| 225 | 2 | @a复旦博学@i21世纪高等院校会计专业主干课系列 |
| 330 | @a本书概括了IFRS/IAS的核心内容,分为框架与首次采用IFRS、确认和计量、报告和披露三大部分,以阐述IFRS/IAS为主,并重点说明了与我国2006年发布的新会计准则的主要差异。 | |
| 462 | 1 | @12001 @a21世纪高等院校会计专业主干课系列 |
| 606 | 0 | @a国际会计@x高等学校@j教材 |
| 606 | 0 | @a国际会计 |
| 690 | @aF234.5@v4 | |
| 701 | 0 | @a王松年@Awang song nian@4主编 |
| 801 | 0 | @aCN@bRULIN@c20070531 |
| 905 | @dF234.5@e238@s5 | |
| 国际会计/王松年主编.-上海:复旦大学出版社,2007 |
| 279页:图;26cm.-(复旦博学.21世纪高等院校会计专业主干课系列) |
| ISBN 9787309053678:CNY30.00 |
| 本书概括了IFRS/IAS的核心内容,分为框架与首次采用IFRS、确认和计量、报告和披露三大部分,以阐述IFRS/IAS为主,并重点说明了与我国2006年发布的新会计准则的主要差异。 |
| ● |
| 相关链接 |
|
|
|
|
正题名:国际会计
索取号:F234.5/238
 
预约/预借
| 序号 | 登录号 | 条形码 | 馆藏地/架位号 | 状态 | 备注 |
| 1 | 0571408 | 205714084 | 第一样本阅览室/ [索取号:F234.5/238] | 在馆 | |
| 2 | 0571409 | 205714093 | 第一借阅区/ [索取号:F234.5/238] | 在馆 | |
| 3 | 0571410 | 205714100 | 第一借阅区/ [索取号:F234.5/238] | 在馆 | |
| 4 | 0571411 | 205714119 | 第一借阅区/ [索取号:F234.5/238] | 在馆 | |
| 5 | 0571412 | 205714128 | 第一借阅区/ [索取号:F234.5/238] | 在馆 |